| 000 | 00369nam a2200157Ia 4500 | ||
|---|---|---|---|
| 003 | OSt | ||
| 005 | 20240213122204.0 | ||
| 008 | 170524s9999 xx 000 0 und d | ||
| 020 | _a978-8120324275 | ||
| 040 | _cIIMT UNIVERSITY | ||
| 100 | _aKANDULA SRINIVAS | ||
| 100 | _c2012 | ||
| 245 | 0 | _aHUMAN RESOURCES MANAGEMENT IN PRACTICE | |
| 260 | _aP.H.I | ||
| 942 |
_2ddc _c02 |
||
| 999 |
_c2862 _d2862 |
||